000 00525nam a2200193Ia 4500
005 20250508160121.0
008 008 250505s9999 xx 000 0 eng d
037 _aTextual
040 _aFEDL
_beng
_cFEDL
041 _aeng
_2eng
084 _a155, PAR
_qFEDL
100 _aParkhurst Helen
_9757824
245 0 _aGrowing pains
260 _aGarden City
_bDoubleday and Company
_c1962
300 _axiv,295p.
650 _aDevelopmental Psychology
942 _cTEXL
_h155, PAR
999 _c1361874
_d1361874